[Event "Winnipeg TNT 2019.09"]
[Site "Winnipeg CAN"]
[Date "2019.08.03"]
[Round "1.9"]
[White "Myrzaibraimova, Alia"]
[Black "Remillard, John"]
[Result "0-1"]
[WhiteElo "1004"]
[BlackElo "1598"]
[PlyCount "106"]
[EventDate "2019.09.03"]
[EventType "swiss"]
[EventRounds "4"]
[EventCountry "CAN"]

1. e4 c5 2. Nf3 a6 3. Bc4 e6 4. d4 b5 5. Be2 Bb7 6. Nfd2 cxd4 7. Nb3 Bxe4 8.
Nxd4 Bxg2 9. Rg1 Bb7 10. Be3 Qc7 11. h3 Nc6 12. Nc3 Nf6 13. Qd3 Nb4 14. Qd2 Rc8
15. a3 Nbd5 16. Nxd5 Nxd5 17. Bf3 Nxe3 18. Qxe3 Bxf3 19. Qxf3 Qe5+ 20. Qe3
Qxe3+ 21. fxe3 e5 22. Nf3 f6 23. O-O-O g6 24. Rd2 Bh6 25. Re1 Ke7 26. Kd1 Rhd8
27. Rd5 Rc6 28. Ke2 Rxc2+ 29. Rd2 Rdc8 30. b4 Rxd2+ 31. Kxd2 d5 32. h4 Kd6 33.
Ke2 Rc4 34. Rd1 f5 35. Kd2 e4 36. Ne1 Rd4+ 37. Ke2 Rxd1 38. Kxd1 Bxe3 39. Ke2
d4 40. Ng2 Ke5 41. Nxe3 dxe3 42. Kxe3 f4+ 43. Ke2 Kf5 44. Kf2 Kg4 45. Kg2 e3
46. Kf1 Kf3 47. Ke1 Ke4 48. Ke2 f3+ 49. Ke1 Kd3 50. Kd1 f2 51. Kc1 f1=Q+ 52.
Kb2 Qf6+ 53. Kc1 Qa1# 0-1

[Event "Winnipeg TNT 2019.09"]
[Site "Winnipeg CAN"]
[Date "2019.09.10"]
[Round "1.10"]
[White "Myrzaibraimov, Azamat"]
[Black "Mandusic, Ante"]
[Result "1-0"]
[WhiteElo "1591"]
[BlackElo "1204"]
[PlyCount "59"]
[EventDate "2019.09.03"]
[EventType "swiss"]
[EventRounds "4"]
[EventCountry "CAN"]

1. e4 e5 2. Nf3 Nc6 3. Bc4 f6 4. Nc3 d6 5. h3 Bd7 6. Nh4 Qe7 7. Qh5+ g6 8. Nxg6
hxg6 9. Qxh8 Qg7 10. Qxg8 O-O-O 11. Qxg7 Bxg7 12. Bb5 f5 13. exf5 gxf5 14. d3
Nd4 15. Bxd7+ Kxd7 16. Kd1 f4 17. Ne2 Nb5 18. a4 Nd4 19. Nxd4 exd4 20. Bxf4 Rf8
21. Bg3 a5 22. Re1 Kc8 23. Re7 Bf6 24. Re4 b6 25. Ke1 d5 26. Rf4 Re8+ 27. Kf1
Bg7 28. Re1 Rxe1+ 29. Kxe1 Kb7 30. Rf7 1-0

[Event "Winnipeg TNT 2019.09"]
[Site "Winnipeg CAN"]
[Date "2019.09.10"]
[Round "2.1"]
[White "Wolchock, Theo"]
[Black "Klokow, John"]
[Result "1-0"]
[WhiteElo "2170"]
[BlackElo "1672"]
[PlyCount "75"]
[EventDate "2019.09.03"]
[EventType "swiss"]
[EventRounds "4"]
[EventCountry "CAN"]

1. e4 e5 2. Nf3 Nc6 3. Bb5 Nf6 4. Qe2 d6 5. d3 Be7 6. c3 O-O 7. O-O h6 8. Nbd2
Nh7 9. Rd1 Bg4 10. h3 Bh5 11. Nf1 Ng5 12. Bxg5 Bxf3 13. Qxf3 Bxg5 14. Ne3 Ne7
15. d4 exd4 16. cxd4 c6 17. Bc4 Bxe3 18. Qxe3 d5 19. exd5 Nxd5 20. Qb3 Nb6 21.
d5 c5 22. d6 Nxc4 23. Qxc4 b6 24. Qf4 Re8 25. d7 Re6 26. Rd6 Qe7 27. Rxe6 Qxe6
28. Rd1 Rd8 29. Qc7 Qe7 30. Qxa7 b5 31. a3 Kf8 32. Qc7 f5 33. Rd5 g6 34. Qxc5
Qxc5 35. Rxc5 Rxd7 36. Rxb5 Rd1+ 37. Kh2 Rd6 38. Rb7 1-0

[Event "Winnipeg TNT 2019.09"]
[Site "Winnipeg CAN"]
[Date "2019.09.10"]
[Round "2.2"]
[White "Remillard, John"]
[Black "Boron, Anthony"]
[Result "0-1"]
[WhiteElo "1598"]
[BlackElo "1946"]
[PlyCount "104"]
[EventDate "2019.09.03"]
[EventType "swiss"]
[EventRounds "4"]
[EventCountry "CAN"]

1. e4 c5 2. Nf3 e6 3. d4 cxd4 4. Nxd4 Nf6 5. Nc3 Nc6 6. a3 d5 7. exd5 Nxd5 8.
Nxc6 bxc6 9. Nxd5 cxd5 10. Bb5+ Bd7 11. Bxd7+ Qxd7 12. O-O Bc5 13. Re1 O-O 14.
c4 Rfd8 15. cxd5 Qxd5 16. Qxd5 Rxd5 17. Be3 a5 18. Bxc5 Rxc5 19. b4 Rb5 20.
bxa5 Rbxa5 21. Re3 Kf8 22. Kf1 Rb8 23. Ra2 Ke7 24. Ke2 Rb1 25. Rd2 Ra1 26. Rdd3
Ra2+ 27. Kf1 Rb5 28. g3 Rbb2 29. Rf3 g6 30. Rb3 f5 31. Rxb2 Rxb2 32. Rc3 h6 33.
h4 Kd6 34. Kg2 Ra2 35. Kf3 g5 36. hxg5 hxg5 37. Ke3 Ra1 38. f3 Rg1 39. Kf2 Ra1
40. f4 g4 41. Ke3 e5 42. fxe5+ Kxe5 43. Rc5+ Kf6 44. Ra5 Rf1 45. a4 Rf3+ 46.
Ke2 Rxg3 47. Ra6+ Kg5 48. a5 Ra3 49. Ra8 Kf4 50. a6 g3 51. a7 Ra2+ 52. Kf1 Kf3
{White resigned.} 0-1

[Event "Winnipeg TNT 2019.09"]
[Site "Winnipeg CAN"]
[Date "2019.09.10"]
[Round "2.3"]
[White "Bince, Rolando"]
[Black "Czarny, Keith"]
[Result "1-0"]
[WhiteElo "1780"]
[BlackElo "1669"]
[PlyCount "85"]
[EventDate "2019.09.03"]
[EventType "swiss"]
[EventRounds "4"]
[EventCountry "CAN"]

1. e4 e6 2. d4 d5 3. Nc3 Bb4 4. e5 c5 5. Qg4 g6 6. Bb5+ Bd7 7. Bxd7+ Nxd7 8.
Nge2 cxd4 9. O-O Nxe5 10. Qxd4 Bxc3 11. Qxc3 Qf6 12. Bf4 Nd7 13. Qb4 e5 14. Bg3
Qb6 15. Qa3 Ne7 16. Rad1 Rc8 17. Nc3 d4 18. Ne4 Rc6 19. c4 Qa6 20. Qb3 f5 21.
Nd2 f4 22. Bh4 Nf5 23. Qh3 Nxh4 24. Qxh4 Rf6 25. Ne4 Rf5 26. g4 fxg3 27. fxg3
Rh5 28. Qg4 Rf5 29. Rxf5 gxf5 30. Qxf5 Qg6 31. Rf1 Qxf5 32. Rxf5 Rf8 33. Rh5
Nf6 34. Rxe5+ Kf7 35. Nxf6 Kxf6 36. Rd5 Ke6 37. Rxd4 Rc8 38. Kf2 Ke5 39. Ke3
Rc6 40. h3 Rh6 41. h4 Rg6 42. g4 Rh6 43. Rd5+ 1-0

[Event "Winnipeg TNT 2019.09"]
[Site "Winnipeg CAN"]
[Date "2019.09.10"]
[Round "2.4"]
[White "Abioye, Yemi"]
[Black "Myrzaibraimov, Azamat"]
[Result "1-0"]
[WhiteElo "2039"]
[BlackElo "1591"]
[PlyCount "65"]
[EventDate "2019.09.03"]
[EventType "swiss"]
[EventRounds "4"]
[EventCountry "CAN"]

1. e4 e5 2. Nf3 Nc6 3. Bc4 Nf6 4. Ng5 d5 5. exd5 Na5 6. Bb5+ Bd7 7. Qe2 Bd6 8.
Bxd7+ Nxd7 9. Ne4 b6 10. O-O O-O 11. Nxd6 cxd6 12. c4 f5 13. b4 Nb7 14. Bb2 f4
15. f3 a5 16. a3 axb4 17. axb4 Rxa1 18. Bxa1 Nf6 19. Nc3 Nh5 20. Ne4 h6 21. g4
Nf6 22. d4 Nxe4 23. Qxe4 Qc7 24. dxe5 dxe5 25. Qxe5 Rf7 26. Qd4 Qd6 27. Re1 Kf8
28. Qe5 Qd8 29. Bd4 Nd6 30. c5 Nb5 31. Bf2 bxc5 32. bxc5 g5 33. Qh8# 1-0

[Event "Winnipeg TNT 2019.09"]
[Site "Winnipeg CAN"]
[Date "2019.09.10"]
[Round "2.5"]
[White "Hemphill, Jim"]
[Black "Furda, Ievgeniia-Diana"]
[Result "1/2-1/2"]
[WhiteElo "1796"]
[BlackElo "1584"]
[PlyCount "37"]
[EventDate "2019.09.03"]
[EventType "swiss"]
[EventRounds "4"]
[EventCountry "CAN"]

1. d4 Nf6 2. Bf4 g6 3. Nc3 Bg7 4. e3 d6 5. Be2 O-O 6. h3 Nbd7 7. Nf3 Re8 8. d5
e5 9. dxe6 fxe6 10. Bg5 e5 11. O-O Nc5 12. Bc4+ Kh8 13. Nd5 Ne6 14. Nxf6 Bxf6
15. Bxf6+ Qxf6 16. a3 e4 17. Nd4 Nxd4 18. Qxd4 Qxd4 19. exd4 1/2-1/2

[Event "Winnipeg TNT 2019.09"]
[Site "Winnipeg CAN"]
[Date "2019.09.10"]
[Round "2.6"]
[White "Reimer, Bruce"]
[Black "Magyar, Peter"]
[Result "0-1"]
[WhiteElo "1538"]
[BlackElo "1482"]
[PlyCount "90"]
[EventDate "2019.09.03"]
[EventType "swiss"]
[EventRounds "4"]
[EventCountry "CAN"]

1. c4 c5 2. g3 Nf6 3. Bg2 e6 4. e4 d6 5. d3 Be7 6. Ne2 Nbd7 7. O-O O-O 8. Nbc3
a6 9. a4 Ne5 10. f4 Ned7 11. h3 Qc7 12. Be3 Rb8 13. Kh1 b6 14. Bg1 Bb7 15. Bh2
Qc6 16. g4 h6 17. Rg1 Qc8 18. Ng3 Ba8 19. Nh5 Nxh5 20. gxh5 Nf6 21. Qe2 Bc6 22.
Bf3 b5 23. Qg2 Ne8 24. Bg4 f5 25. Bf3 bxc4 26. dxc4 Bf6 27. Qg6 Bd4 28. Rg2 Rf6
29. Qg3 Bxc3 30. bxc3 fxe4 31. Bg4 e3 32. Bf3 Bxf3 33. Qxf3 Qb7 34. Qxe3 Qf7
35. Qf3 e5 36. Qe2 exf4 37. Qf1 Qxh5 38. Re2 Qf5 39. Rae1 Rf8 40. Re7 g5 41.
Ra7 Qc8 42. Qg2 f3 43. Qd2 Qxh3 44. Qd5+ Kh8 45. Qe4 Qg2# 0-1

[Event "Winnipeg TNT 2019.09"]
[Site "Winnipeg CAN"]
[Date "2019.09.10"]
[Round "2.7"]
[White "Gannon, Keith"]
[Black "Marshall, Carter"]
[Result "1-0"]
[WhiteElo "1470"]
[BlackElo "1555"]
[PlyCount "25"]
[EventDate "2019.09.03"]
[EventType "swiss"]
[EventRounds "4"]
[EventCountry "CAN"]

1. Nf3 c5 2. e4 d6 3. d4 cxd4 4. Nxd4 Nf6 5. Nc3 g6 6. Be3 Ng4 7. Bb5+ Bd7 8.
Bxd7+ Nxd7 9. Qxg4 Bg7 10. Qd1 Ne5 11. O-O Nc4 12. Re1 Nxe3 13. Rxe3 1-0

[Event "Winnipeg TNT 2019.09"]
[Site "Winnipeg CAN"]
[Date "2019.09.10"]
[Round "2.8"]
[White "Piche, Zachary"]
[Black "Trueman, Francis"]
[Result "0-1"]
[WhiteElo "1519"]
[BlackElo "1462"]
[PlyCount "40"]
[EventDate "2019.09.03"]
[EventType "swiss"]
[EventRounds "4"]
[EventCountry "CAN"]

1. Nf3 Nf6 2. c4 d6 3. Nc3 g6 4. g3 Bg7 5. Bg2 O-O 6. O-O Re8 7. d3 Nbd7 8. Rb1
a5 9. Bd2 e5 10. a3 c6 11. b4 e4 12. Nxe4 Nxe4 13. dxe4 Nf6 14. Bf4 Nxe4 15.
Qd3 Bf5 16. Nh4 Nxf2 17. Qxd6 Qxd6 18. Bxd6 Bxb1 19. Rxf2 Bd4 20. b5 Rxe2 0-1

[Event "Winnipeg TNT 2019.09"]
[Site "Winnipeg CAN"]
[Date "2019.09.10"]
[Round "2.9"]
[White "Marshall, Ken"]
[Black "Myrzaibraimova, Aibike"]
[Result "1-0"]
[WhiteElo "1460"]
[BlackElo "1503"]
[PlyCount "57"]
[EventDate "2019.09.03"]
[EventType "swiss"]
[EventRounds "4"]
[EventCountry "CAN"]

1. e4 e6 2. d4 d5 3. Nd2 Nf6 4. e5 Nfd7 5. Ngf3 c5 6. c3 Nc6 7. Be2 cxd4 8.
cxd4 Bb4 9. a3 Ba5 10. O-O O-O 11. b4 Bb6 12. Nb3 a6 13. Bd3 h6 14. Be3 Re8 15.
Qd2 Nf8 16. Bxh6 gxh6 17. Qxh6 Ne7 18. Ng5 Nf5 19. Qh5 Qd7 20. g4 Nxd4 21. Bh7+
Kg7 22. Nxd4 Bxd4 23. Rae1 Bc3 24. Re3 Bd2 25. Rh3 Bxg5 26. Qxg5+ Ng6 27. Qh6+
Kh8 28. Bxg6+ Kg8 29. Qh8# 1-0

[Event "Winnipeg TNT 2019.09"]
[Site "Winnipeg CAN"]
[Date "2019.09.10"]
[Round "2.10"]
[White "Ott, Richard"]
[Black "Myrzaibraimova, Alia"]
[Result "1/2-1/2"]
[WhiteElo "1482"]
[BlackElo "1004"]
[PlyCount "78"]
[EventDate "2019.09.03"]
[EventType "swiss"]
[EventRounds "4"]
[EventCountry "CAN"]

1. d4 d5 2. c4 c6 3. Nc3 Nf6 4. Qc2 Bd7 5. Nf3 g6 6. e3 Bf5 7. Qb3 Qb6 8. h3 e6
9. Qxb6 axb6 10. g4 Be4 11. Nxe4 Nxe4 12. Bd3 Bb4+ 13. Ke2 Nf6 14. a3 Bf8 15.
Nd2 Bg7 16. g5 Nfd7 17. b4 O-O 18. Bb2 c5 19. Nb3 cxd4 20. Bxd4 Bxd4 21. exd4
f6 22. h4 fxg5 23. hxg5 Rc8 24. cxd5 exd5 25. Rhc1 Re8+ 26. Kd2 Nc6 27. b5 Na5
28. Nxa5 Rxa5 29. Rc7 Rd8 30. Rxb7 Kf7 31. a4 Ke6 32. Bf1 Kf5 33. Bh3+ Kxg5 34.
Bxd7 h5 35. Rg1+ Kf6 36. Rxb6+ Ke7 37. Bh3 Rxa4 38. Rgxg6 Rxd4+ 39. Ke3 Re4+
1/2-1/2

[Event "Winnipeg TNT 2019.09"]
[Site "Winnipeg CAN"]
[Date "2019.09.10"]
[Round "2.11"]
[White "Mandusic, Ante"]
[Black "Gregoryanz, Philipp"]
[Result "1-0"]
[WhiteElo "1204"]
[BlackElo "1472"]
[PlyCount "95"]
[EventDate "2019.09.03"]
[EventType "swiss"]
[EventRounds "4"]
[EventCountry "CAN"]

1. d4 d5 2. Nf3 Nc6 3. Nc3 Nf6 4. e3 Bf5 5. Qd2 e6 6. Bd3 Be4 7. Bxe4 Nxe4 8.
Nxe4 dxe4 9. Ne5 Nxe5 10. dxe5 Be7 11. O-O O-O 12. Qc3 f6 13. b4 fxe5 14. Ba3
Qe8 15. Qxc7 Qf7 16. Rfe1 a5 17. Qxb7 axb4 18. Bxb4 Bxb4 19. Qxb4 Qh5 20. h3
Qh4 21. Re2 Rf6 22. c4 Raf8 23. Qe1 Qh5 24. c5 Qg5 25. c6 Rg6 26. Qf1 Rc8 27.
Rc1 Qe7 28. Rec2 Qh4 29. c7 Qxh3 30. a4 Qh4 31. g3 Qh5 32. Qg2 Rf6 33. a5 Rff8
34. Qxe4 Qf7 35. Qxe5 Qf3 36. Qxe6+ Kh8 37. a6 Rxc7 38. Rxc7 Qxf2+ 39. Kh1 Qf3+
40. Kh2 Qe2+ 41. Kh3 h5 42. Rc8 Rxc8 43. Rxc8+ Kh7 44. Qf5+ g6 45. Rc7+ Kh6 46.
Qf4+ g5 47. Rc6+ Kh7 48. Qf7+ 1-0

[Event "Winnipeg TNT 2019.09"]
[Site "Winnipeg CAN"]
[Date "2019.09.17"]
[Round "3.1"]
[White "Boron, Anthony"]
[Black "Wolchock, Theo"]
[Result "1/2-1/2"]
[WhiteElo "1946"]
[BlackElo "2170"]
[PlyCount "43"]
[EventDate "2019.09.03"]
[EventType "swiss"]
[EventRounds "4"]
[EventCountry "CAN"]

1. b3 e5 2. e3 Nc6 3. Bb2 Nf6 4. Bb5 Bd6 5. Na3 Na5 6. Nf3 c6 7. Be2 Qe7 8. Qc1
O-O 9. O-O Bc7 10. c4 e4 11. Nd4 d5 12. c5 b6 13. cxb6 Bxb6 14. Nxc6 Nxc6 15.
Qxc6 Bd7 16. Bxf6 gxf6 17. Qxd5 Be6 18. Qxe4 Qxa3 19. Bd3 f5 20. Qf4 Rad8 21.
Qg5+ Kh8 22. Qf6+ 1/2-1/2

[Event "Winnipeg TNT 2019.09"]
[Site "Winnipeg CAN"]
[Date "2019.09.17"]
[Round "3.2"]
[White "Bince, Rolando"]
[Black "Abioye, Yemi"]
[Result "1-0"]
[WhiteElo "1780"]
[BlackElo "2039"]
[PlyCount "105"]
[EventDate "2019.09.03"]
[EventType "swiss"]
[EventRounds "4"]
[EventCountry "CAN"]

1. d4 c6 2. e4 d5 3. Nd2 Nf6 4. e5 Nfd7 5. f4 e6 6. c3 c5 7. Ngf3 Nc6 8. Nb3
Qb6 9. Be2 a5 10. a4 cxd4 11. Nfxd4 Nc5 12. Nxc5 Bxc5 13. Bb5 Bd7 14. Be3 Nxd4
15. Bxd7+ Kxd7 16. cxd4 Bb4+ 17. Kf2 Rac8 18. Qd3 g6 19. Rhc1 Rc6 20. Rxc6 bxc6
21. Rc1 Rc8 22. Kf3 c5 23. dxc5 Bxc5 24. Qc2 d4 25. Bd2 Qb7+ 26. Kg3 Bb4 27.
Qxc8+ Qxc8 28. Rxc8 Bxd2 29. Rc4 Be3 30. Kf3 Ke7 31. g3 h6 32. h4 h5 33. Rc7+
Ke8 34. Ke2 Bg1 35. Rc1 Be3 36. Rc5 Ke7 37. Rxa5 Bg1 38. Rb5 Kd7 39. Rb7+ Kc6
40. Rb5 d3+ 41. Kxd3 Bf2 42. b4 Bxg3 43. Rc5+ Kb7 44. Rc4 Bxh4 45. Rd4 Kc6 46.
Rd6+ Kc7 47. b5 Bf2 48. Ke2 Bc5 49. Ra6 Bb6 50. a5 Bg1 51. b6+ Kc6 52. Ra7 Kb5
53. Rxf7 1-0

[Event "Winnipeg TNT 2019.09"]
[Site "Winnipeg CAN"]
[Date "2019.09.17"]
[Round "3.3"]
[White "Rutter, Blair"]
[Black "Annakkage, Udaya"]
[Result "1/2-1/2"]
[WhiteElo "1921"]
[BlackElo "1793"]
[PlyCount "73"]
[EventDate "2019.09.03"]
[EventType "swiss"]
[EventRounds "4"]
[EventCountry "CAN"]

1. c4 Nf6 2. g3 e5 3. Bg2 Bc5 4. e3 O-O 5. Ne2 Nc6 6. O-O d5 7. d4 exd4 8. exd4
Be7 9. cxd5 Nxd5 10. Qb3 Nb6 11. Rd1 Bf6 12. Be3 Bg4 13. Nbc3 Re8 14. h3 Bd7
15. Ne4 Be7 16. Rac1 Nb4 17. Nc5 Nc6 18. Nxb7 Qc8 19. Nc5 Rb8 20. Kh2 Bd6 21.
Qc3 Ne7 22. d5 Nf5 23. Bf4 Rxe2 24. Bxd6 cxd6 25. Qd3 Re8 26. Na6 Qd8 27. Nxb8
Qxb8 28. b3 Ne7 29. Rd2 Bf5 30. Qd4 Rc8 31. Re1 Ng6 32. Rde2 Ne5 33. Re3 Nbd7
34. f4 Ng6 35. h4 h5 36. Bf3 Nf6 37. Kg1 1/2-1/2

[Event "Winnipeg TNT 2019.09"]
[Site "Winnipeg CAN"]
[Date "2019.09.17"]
[Round "3.4"]
[White "Magyar, Peter"]
[Black "Hemphill, Jim"]
[Result "0-1"]
[WhiteElo "1482"]
[BlackElo "1796"]
[PlyCount "68"]
[EventDate "2019.09.03"]
[EventType "swiss"]
[EventRounds "4"]
[EventCountry "CAN"]

1. d4 d5 2. Bf4 c6 3. e3 Qb6 4. Qc1 Bf5 5. Nf3 Nf6 6. h3 h6 7. Be2 e6 8. Nbd2
Nbd7 9. c3 Ne4 10. O-O Ndf6 11. c4 Be7 12. c5 Qd8 13. Qd1 O-O 14. Rc1 g5 15.
Bh2 Nxd2 16. Nxd2 Ne4 17. Nf3 f6 18. h4 Rf7 19. hxg5 hxg5 20. Nd2 Nxd2 21. Qxd2
Rh7 22. Qd1 Qd7 23. Bh5 Rg7 24. Bg4 Bg6 25. Bxe6+ Kh8 26. Bg4 Qe8 27. f4 f5 28.
Be2 g4 29. Bg3 Bf6 30. b4 Qxe3+ 31. Bf2 Qe6 32. Bg3 Rh7 33. Kf2 Re8 34. Bd3
Qe3# 0-1

[Event "Winnipeg TNT 2019.09"]
[Site "Winnipeg CAN"]
[Date "2019.09.17"]
[Round "3.5"]
[White "Klokow, John"]
[Black "Gannon, Keith"]
[Result "1/2-1/2"]
[WhiteElo "1672"]
[BlackElo "1470"]
[Annotator "aboro"]
[PlyCount "106"]
[EventDate "2019.09.03"]
[EventType "swiss"]
[EventRounds "4"]
[EventCountry "CAN"]

1. e4 c5 2. b4 cxb4 3. Nf3 Nc6 4. d4 d5 5. exd5 Qxd5 6. c4 Qe4+ 7. Be2 Bg4 8.
O-O O-O-O 9. Be3 Qg6 10. a3 e5 11. d5 bxa3 12. Nxa3 Bxf3 13. Bxf3 f5 14. Qa4 (
14. dxc6 Rxd1 15. cxb7+ Kb8 16. Bxa7+ Kxa7 17. Nb5+ Kb8) 14... Nd4 15. Bxd4
exd4 16. Qxa7 Qa6 17. Nb5 Qxa7 18. Rxa7 Bc5 19. Ra8+ Kd7 20. Rxd8+ Kxd8 21. Rd1
Nf6 22. Nxd4 Bxd4 23. Rxd4 Re8 24. Kf1 g5 25. Rd2 Ne4 26. Re2 Nd6 27. Rxe8+
Kxe8 28. Be2 b6 29. f3 Ke7 30. Ke1 Kf6 31. Kd2 Ke5 32. Kc3 f4 33. Bd3 h6 34.
Bc2 Nc8 35. Kb4 Kd6 36. Bf5 Ne7 37. Be6 Ng6 38. Kb5 Kc7 39. c5 bxc5 40. Kxc5
Ne5 41. d6+ Kd8 42. Kd5 Nd3 43. Bf5 Ne1 44. Bh3 h5 45. Ke5 g4 46. fxg4 hxg4 47.
Bxg4 Nxg2 48. Bf3 Ne3 49. Kxf4 Nc4 50. Kf5 Nxd6+ 51. Kf6 Ke8 52. Kg7 Nf5+ 53.
Kh7 Kf8 1/2-1/2

[Event "Winnipeg TNT 2019.09"]
[Site "Winnipeg CAN"]
[Date "2019.09.17"]
[Round "3.6"]
[White "Furda, Ievgeniia-Diana"]
[Black "Remillard, John"]
[Result "1-0"]
[WhiteElo "1553"]
[BlackElo "1598"]
[PlyCount "73"]
[EventDate "2019.09.03"]
[EventType "swiss"]
[EventRounds "4"]
[EventCountry "CAN"]

1. e4 Nf6 2. Nc3 e5 3. Nf3 Nc6 4. d4 exd4 5. Nxd4 Bb4 6. Nxc6 bxc6 7. Bd3 d5 8.
O-O Bxc3 9. bxc3 Nxe4 10. Re1 O-O 11. c4 Bf5 12. Bb2 Bg6 13. cxd5 cxd5 14. Qf3
f5 15. Rad1 c5 16. Bxe4 fxe4 17. Qc3 d4 18. Qxc5 d3 19. cxd3 Rc8 20. Qe5 Rf7
21. dxe4 Qf8 22. Qd4 Rc2 23. Rd2 Rfc7 24. Rxc2 Rxc2 25. f3 Bf7 26. Rc1 Rxc1+
27. Bxc1 Bxa2 28. Qxa7 Be6 29. Qa3 Qd8 30. Qa4 Qb6+ 31. Kh1 Kf7 32. Qd1 Qb4 33.
Qd2 Qc4 34. Qe1 Qd3 35. Qf2 Qc4 36. Qe1 Qd3 37. Qf2 1-0

[Event "Winnipeg TNT 2019.09"]
[Site "Winnipeg CAN"]
[Date "2019.09.17"]
[Round "3.7"]
[White "Trueman, Francis"]
[Black "Ott, Richard"]
[Result "1/2-1/2"]
[WhiteElo "1462"]
[BlackElo "1482"]
[PlyCount "72"]
[EventDate "2019.09.03"]
[EventType "swiss"]
[EventRounds "4"]
[EventCountry "CAN"]

1. e4 d5 2. Qe2 dxe4 3. Qxe4 Nf6 4. Qe2 Nc6 5. Nf3 g6 6. g3 Bg7 7. Bg2 Bg4 8.
c3 Qd7 9. O-O O-O 10. Qb5 Rab8 11. Re1 a6 12. Qa4 Nd5 13. d3 Rbd8 14. Nbd2 Nb6
15. Qd1 Qxd3 16. h3 Bxf3 17. Bxf3 Qb5 18. Qc2 f5 19. Nb3 e5 20. Be3 e4 21. Be2
Qa4 22. Qc1 Ne5 23. Nc5 Qc6 24. Rd1 Nf3+ 25. Kg2 Nc4 26. Bxc4+ Kh8 27. Rxd8
Rxd8 28. Qc2 b6 29. Ne6 Re8 30. Nxg7 Kxg7 31. Qb3 g5 32. Rd1 Ne5 33. Bd5 Qg6
34. Bd4 f4 35. Bxe5+ Rxe5 36. Bc6 Qxc6 1/2-1/2

[Event "Winnipeg TNT 2019.09"]
[Site "Winnipeg CAN"]
[Date "2019.09.17"]
[Round "3.8"]
[White "Myrzaibraimova, Alia"]
[Black "Reimer, Bruce"]
[Result "0-1"]
[WhiteElo "1004"]
[BlackElo "1538"]
[PlyCount "54"]
[EventDate "2019.09.03"]
[EventType "swiss"]
[EventRounds "4"]
[EventCountry "CAN"]

1. e4 d6 2. f4 g6 3. d4 Bg7 4. Be3 a6 5. Nc3 b5 6. Qd2 Nf6 7. g3 Bb7 8. Bg2 Ng4
9. O-O-O Nxe3 10. Qxe3 Nd7 11. Nge2 O-O 12. Rhg1 c5 13. a3 Qb6 14. dxc5 Nxc5
15. h4 Nb3+ 16. cxb3 Qxe3+ 17. Rd2 Rac8 18. Bh3 e6 19. Kd1 Bxc3 20. bxc3 Rxc3
21. Nxc3 Qxg1+ 22. Kc2 Rc8 23. Rxd6 Bxe4+ 24. Kd2 Qf2+ 25. Kd1 Rxc3 26. Rd2
Bf3+ 27. Re2 Qxe2# 0-1

[Event "Winnipeg TNT 2019.09"]
[Site "Winnipeg CAN"]
[Date "2019.09.17"]
[Round "3.9"]
[White "Marshall, Carter"]
[Black "Myrzaibraimova, Aibike"]
[Result "1-0"]
[WhiteElo "1555"]
[BlackElo "1503"]
[PlyCount "77"]
[EventDate "2019.09.03"]
[EventType "swiss"]
[EventRounds "4"]
[EventCountry "CAN"]

1. e4 e6 2. d4 d5 3. exd5 exd5 4. Nf3 Bd6 5. Nc3 Ne7 6. Qe2 c6 7. Be3 O-O 8.
Qd2 Re8 9. Bd3 Bf5 10. Bxf5 Nxf5 11. O-O Na6 12. Bf4 Be7 13. a3 Bf6 14. Be5
Bxe5 15. dxe5 Nc5 16. Qf4 Ne7 17. Ng5 Rf8 18. b4 Ng6 19. Qg3 Nd7 20. e6 Nf6 21.
exf7+ Rxf7 22. Nxf7 Kxf7 23. Rfe1 Kg8 24. Rad1 Nh5 25. Qg4 Nf6 26. Qe6+ Kf8 27.
Ne4 Nd7 28. Nd6 Qe7 29. Qxe7+ Nxe7 30. Nxb7 Nb6 31. Re6 Nc4 32. Rde1 Ng6 33.
Nd6 Nxd6 34. Rxd6 Ne7 35. Ree6 a5 36. Rd7 Nf5 37. bxa5 Rxa5 38. Rxc6 Rxa3 39.
Rc8# 1-0

[Event "Winnipeg TNT 2019.09"]
[Site "Winnipeg CAN"]
[Date "2019.09.17"]
[Round "3.10"]
[White "Gregoryanz, Philipp"]
[Black "Piche, Zachary"]
[Result "1-0"]
[WhiteElo "1472"]
[BlackElo "1519"]
[Annotator "aboro"]
[PlyCount "39"]
[EventDate "2019.09.03"]
[EventType "swiss"]
[EventRounds "4"]
[EventCountry "CAN"]

1. e4 c5 2. Nf3 d6 3. d4 cxd4 4. Nxd4 Nf6 5. Nc3 a6 6. Bg5 e5 7. Nf3 Be6 8. Bd3
Nbd7 9. Qe2 Qc7 10. O-O Be7 11. Rad1 b5 12. a3 Nb6 13. Rfe1 Nc4 14. Bxc4 Qxc4
15. Qd2 Rb8 16. Bxf6 Bxf6 17. Nd5 Bxd5 18. exd5 O-O 19. c3 Rfe8 20. Qc2 {
White won in 75 moves. Scoresheets unclear after this point.} 1-0

[Event "Winnipeg TNT 2019.09"]
[Site "Winnipeg CAN"]
[Date "2019.09.24"]
[Round "4.1"]
[White "Wolchock, Theo"]
[Black "Bince, Rolando"]
[Result "1-0"]
[WhiteElo "2170"]
[BlackElo "1780"]
[PlyCount "67"]
[EventDate "2019.09.03"]
[EventType "swiss"]
[EventRounds "4"]
[EventCountry "CAN"]

1. e4 c5 2. Nf3 d6 3. d4 cxd4 4. Qxd4 Nc6 5. Bb5 a6 6. Bxc6+ bxc6 7. c4 Rb8 8.
Nc3 Nf6 9. e5 Ng4 10. O-O Be6 11. b3 dxe5 12. Qe4 Qc7 13. h3 Nf6 14. Qxe5 Qxe5
15. Nxe5 Rc8 16. Bb2 Nd7 17. Nf3 Bf5 18. Rad1 f6 19. Nh4 Bg6 20. Nxg6 hxg6 21.
Rfe1 e5 22. Ne4 Nc5 23. f4 Rd8 24. Rxd8+ Kxd8 25. fxe5 Nxe4 26. Rxe4 Bc5+ 27.
Kf1 Rh5 28. exf6 Rf5+ 29. Ke2 Rf2+ 30. Ke1 gxf6 31. Bd4 Rf5 32. g4 Bb4+ 33. Ke2
Ra5 34. Bb6+ 1-0

[Event "Winnipeg TNT 2019.09"]
[Site "Winnipeg CAN"]
[Date "2019.09.24"]
[Round "4.2"]
[White "Rutter, Blair"]
[Black "Boron, Anthony"]
[Result "0-1"]
[WhiteElo "1921"]
[BlackElo "1946"]
[PlyCount "98"]
[EventDate "2019.09.03"]
[EventType "swiss"]
[EventRounds "4"]
[EventCountry "CAN"]

1. c4 c5 2. g3 g6 3. Bg2 Bg7 4. Nc3 Nc6 5. e4 e6 6. Nge2 Nge7 7. O-O O-O 8. h3
a6 9. d3 d6 10. f4 f5 11. Kh2 Rb8 12. Rb1 b5 13. Be3 Nd4 14. Qd2 Bd7 15. Ng1 b4
16. Bxd4 cxd4 17. Nce2 Bc6 18. Nf3 Qb6 19. Ng5 Bd7 20. Rfe1 h6 21. Nf3 Bc6 22.
Neg1 fxe4 23. dxe4 e5 24. fxe5 dxe5 25. Qd3 b3 26. a3 a5 27. Rf1 a4 28. Nd2 Qb7
29. Rxf8+ Rxf8 30. Rf1 Nf5 31. exf5 Bxg2 32. Rf2 Bc6 33. f6 Bxf6 34. Qxg6+ Qg7
35. Qf5 Bd7 36. Qe4 Kh8 37. Ngf3 Bg5 38. Kg2 Qf6 39. Qxe5 Bxh3+ 40. Kg1 Qxe5
41. Nxe5 Rxf2 42. Kxf2 Bxd2 43. c5 Bf5 44. Nc4 Bc1 45. c6 d3 46. Ke1 d2+ 47.
Nxd2 Bxb2 48. Nc4 Bc3+ 49. Kd1 b2 0-1

[Event "Winnipeg TNT 2019.09"]
[Site "Winnipeg CAN"]
[Date "2019.09.24"]
[Round "4.3"]
[White "Annakkage, Udaya"]
[Black "Hemphill, Jim"]
[Result "1-0"]
[WhiteElo "1793"]
[BlackElo "1791"]
[PlyCount "82"]
[EventDate "2019.09.03"]
[EventType "swiss"]
[EventRounds "4"]
[EventCountry "CAN"]

1. e4 e6 2. d4 d5 3. Nd2 Be7 4. e5 c5 5. c3 Nc6 6. Ndf3 Bd7 7. Bd3 Rc8 8. Ne2
a6 9. Be3 cxd4 10. Nexd4 f5 11. Qd2 Na5 12. b3 h6 13. Rc1 b5 14. O-O g5 15. Qe2
Kf8 16. Bxf5 exf5 17. e6 Bf6 18. exd7 Qxd7 19. Qd3 Ne7 20. Rfe1 Kf7 21. Bd2
Nac6 22. Ne6 Rhe8 23. h3 Nd8 24. Ned4 Ndc6 25. Re2 Nxd4 26. Nxd4 Bxd4 27. Qxd4
Nc6 28. Qd3 Rxe2 29. Qxe2 Re8 30. Qh5+ Kg7 31. h4 Qf7 32. Qxf7+ Kxf7 33. hxg5
hxg5 34. Bxg5 Re2 35. Rd1 Ke6 36. Rd2 Re1+ 37. Kh2 Ke5 38. Be3 Nd8 39. Bd4+ Ke6
40. Kg3 Kf7 41. Bb6 Nc6 1-0